000
00298nam a22001337a 4500
008
181017b xxu||||| |||| 00| 0 eng d
020
_a
9780669397284
041
_a
eng
080
_2
11th
_a
940
100
_a
16
101
_a
SHH
245
_a
The American Pageant
_c
Bailey,Th.A
942
_2
udc
_c
BK
999
_c
50017
_d
50017